000 00279nam a2200133Ia 4500
100 _aWolverton Van
942 _cBK
654 _aMs dos
245 _aSuper charging MS DOS
260 _bMicrosoft Press
_aWashington
_c1989
082 _a5.44
546 _aENGLISH
999 _c31541
_d31541